| 000 | 01586nam0a2200313 i 4500 | ||
|---|---|---|---|
| 001 | RU\NLR\bibl\2080573 | ||
| 005 | 20241115070716.0 | ||
| 021 |
_aRU _b2013-70434 _94822 |
||
| 035 | _a(nilc)RuMoRGB-006640781 | ||
| 035 | _a(NLR Aleph) 002065393 | ||
| 090 |
_a4699611 _c4699611 |
||
| 100 | _a20131026d2013 um y0rusy50 ca | ||
| 101 | 0 | _arus | |
| 102 | _aRU | ||
| 105 | _aa|||||||||||| | ||
| 200 | 1 |
_aОсновы математического программирования _eучебное пособие для студентов направления 230100 "Информатика и вычислительная техника" _fВ. Г. Дудник _gМ-во образования и науки Рос. Федерации, Рубцов. индустр. ин-т (фил.) ФГБОУ ВПО "Алтай. гос. техн. ун-т им. И. И. Ползунова" |
|
| 210 |
_aРубцовск _cРубцовский индустриальный институт _d2013 |
||
| 215 |
_a49 с. _cил. _d21 |
||
| 320 | _aБиблиогр.: с. 49 (7 назв.) | ||
| 606 |
_aМатематическое программирование _jУчебные издания для высших учебных заведений _92088992 _3RU\NLR\AUTH\661264592 |
||
| 686 | 1 | _aВ173я73-1 | |
| 700 | 1 |
_aДудник _bВ. Г. _gВладимир Григорьевич |
|
| 801 | 0 |
_aRU _bRuMoRKP _c20130909 _gRCR |
|
| 801 | 2 |
_aRU _bРГБ _c20130916 _grcr |
|
| 801 | 1 |
_aRU _bRuMoRKP _c20130909 _2rusmarc |
|
| 801 | 2 |
_aRU _bNLR _c20131009 _grcr |
|
| 942 | _cBOOK | ||
| 980 | _aNBR | ||